Personnalités de l'Histoire de France en images A-Z - Statistiques

Statistiques générales
  • Ce quiz a été pris 1 581 fois
  • Le résultat moyen est 10 sur 24
Statistiques - réponses
Par images Hint Réponse % Correct
D) Militaire et Président de la République Charles de Gaulle
98%
N) Empereur des français Napoleon I
91%
C) Roi des Francs Charlemagne
89%
P) Président de la République Georges Pompidou
82%
Z) Ecrivain et dreyfusard Emile Zola
77%
R) Principal ministre de Louis XIII Richelieu
68%
A) Reine de France Anne de Bretagne
58%
J) Homme politique Jean Jaurès
49%
M) Révolutionnaire et journaliste Jean-Paul Marat
48%
U) Pape français à l'origine de la 1ère croisade Urbain II
47%
E) Impératrice des français Eugénie de Montijo
46%
V) Ingénieur militaire et Maréchal de France Vauban
43%
F) Président du conseil des ministres Jules Ferry
42%
H) Roi de France Hugues I (Capet)
39%
L) Maréchal de France (à titre posthume) Philippe Leclerc
38%
T) Président de la République Adolphe Thiers
37%
O) Régent du royaume (1715-1723) Philippe d'Orléans
28%
G) Président du conseil des ministres Leon Gambetta
17%
I) Reine de France (1385-1422) Isabeau de Bavière
13%
B) Président du conseil des ministres Aristide Briand
7%
K) Maréchal de France (à titre posthume) Pierre Kœnig
7%
S) Principal ministre de Louis VI et Louis VII et régent Suger
6%
W) Président du conseil des ministres Pierre Waldeck-Rousseau
5%
Q) Président du conseil des ministres Henri Queuille
2%
Aucun quiz correspondant
Distribution des résultats
% des personnes avec chaque résultat
Percentile par nombre de réponses
Votre historique - résultats
Vous n’avez pas pris ce quiz